Statistics for Capitals Beginning with C

Click here to take the quiz!

General Stats

  • This quiz has been taken 337 times
  • The average score is 5 of 7

Answer Stats

Capital% Correct
Canberra
82%
Cairo
80%
Caracas
79%
Chisinau
71%
Copenhagen
69%
Castries
62%
Conakry
50%

Score Distribution

Percentile by Number Answered

Percent of People with Each Score

Your Score History

You have not taken this quiz